| 000 | 01604cam a22004694i 4500 | ||
|---|---|---|---|
| 003 | PE-LiUPU | ||
| 005 | 20250731173154.0 | ||
| 008 | 150623s r 000 0 d | ||
| 020 | _a0802821715 | ||
| 035 | _a(Sirsi) i9780802821713 | ||
| 040 |
_aPE-LiUPU _bspa _cPE-LiUPU _erda |
||
| 049 | _aPRUA | ||
| 082 | 0 | 4 |
_a234.165 _bB57 _221 |
| 100 | 1 |
_aBlankenhorn, David ed., _eautor. |
|
| 245 | 1 | 0 |
_aDoes christianity teach male headship? : _bthe equal-regard marriage and its critics / _cDavid Blankenhorn ed. |
| 264 | 1 |
_aGrand Rapids, Michigan : _bWilliam B. Eerdmans Publishing Company, _c2004. |
|
| 300 |
_a141 páginas ; _c23 centímetros |
||
| 336 |
_atext _2rdacontent |
||
| 337 |
_aunmediated _2rdamedia |
||
| 338 |
_avolume _2rdacarrier |
||
| 505 | 0 | _aEqual regard. Its critics. | |
| 526 | _aSEG42 | ||
| 526 | _aSEG41 | ||
| 526 | _aSEG40 | ||
| 526 | _aSEG39 | ||
| 526 | _aP94 | ||
| 526 | _aP87 | ||
| 526 | _aP86 | ||
| 526 | _aP85 | ||
| 526 | _aP77 | ||
| 526 | _aP76 | ||
| 526 | _aP35 | ||
| 650 | 0 | 4 |
_aIgualdad _xAspectos religiosos. |
| 650 | 0 | 4 |
_aMatrimonio _xCristianismo. |
| 650 | 0 | 4 |
_aPatriarcado _xAspectos religiosos. |
| 942 |
_2ddc _cBOOK |
||
| 949 |
_a234.165 B57 _wDEWEY _c1 _i53545 _lCCODEBUL1 _mBUL _p15.00 _r0 _sY _tBOOK _u2015-6-24 _xTEOLOGIA _PP35 _0COMPRA _o.STAFF. Colección General |
||
| 994 |
_aC0 _bPEPRU |
||
| 596 | _a1 | ||
| 999 |
_a234.165 B57 _wDEWEY _c35569 _i53545 _f2021-11-10 _g5 _lCCODEBUL1 _mBUL _p15.00 _r0 _sY _tBOOK _u2015-6-24 _xTEOLOGIA _PP35 _0COMPRA _o.STAFF. Colección General _d35569 |
||
| 980 |
_81 _gALBERTO SANCHEZ Responsable de Automatización |
||